5HLuxD.jpg

KING HENRY VIII SENIOR AND PRIMARY SCHOOL LIBRARY OPAC

The computer : (Record no. 217)

000 -LEADER
fixed length control field 02479cam a22003737a 4500
001 - CONTROL NUMBER
control field 17147614
003 - CONTROL NUMBER IDENTIFIER
control field OSt
005 - DATE AND TIME OF LATEST TRANSACTION
control field 20190801141758.0
008 - FIXED-LENGTH DATA ELEMENTS--GENERAL INFORMATION
fixed length control field 120203s2011 enka b 001 0 eng d
010 ## - LIBRARY OF CONGRESS CONTROL NUMBER
LC control number 2012359588
015 ## - NATIONAL BIBLIOGRAPHY NUMBER
National bibliography number GBB188275
Source bnb
016 7# - NATIONAL BIBLIOGRAPHIC AGENCY CONTROL NUMBER
Record control number 015855415
Source Uk
020 ## - INTERNATIONAL STANDARD BOOK NUMBER
International Standard Book Number 9780199586592 (pbk)
020 ## - INTERNATIONAL STANDARD BOOK NUMBER
International Standard Book Number 0199586594 (pbk)
035 ## - SYSTEM CONTROL NUMBER
System control number (OCoLC)ocn761374747
040 ## - CATALOGING SOURCE
Original cataloging agency AU@
Language of cataloging eng
Transcribing agency AU@
Modifying agency CDX
-- VP@
-- UKMGB
-- BTCTA
-- YDXCP
-- JBG
-- ITJCU
-- BWX
-- DLC
042 ## - AUTHENTICATION CODE
Authentication code lccopycat
082 04 - DEWEY DECIMAL CLASSIFICATION NUMBER
Classification number 004.16 INC
Edition number 22
100 1# - MAIN ENTRY--PERSONAL NAME
Personal name Ince, Darrel
245 14 - TITLE STATEMENT
Title The computer :
Remainder of title a very short introduction /
Statement of responsibility, etc. Darrel Ince.
260 ## - PUBLICATION, DISTRIBUTION, ETC.
Place of publication, distribution, etc. Oxford ;
-- New York :
Name of publisher, distributor, etc. Oxford University Press,
Date of publication, distribution, etc. 2011.
300 ## - PHYSICAL DESCRIPTION
Extent 139 p. :
Other physical details ill. ;
Dimensions 18 cm.
490 0# - SERIES STATEMENT
Series statement Very short introductions ;
Volume/sequential designation 292
504 ## - BIBLIOGRAPHY, ETC. NOTE
Bibliography, etc. note Includes bibliographical references (p. 131-133) and index.
505 0# - FORMATTED CONTENTS NOTE
Formatted contents note 1. The naked computer; 2. The small computer; 3. The ubiquitous computer; 4. The global computer; 5. The insecure computer; 6. The disruptive computer; 7. The cloud computer; 8. The next computer.
520 ## - SUMMARY, ETC.
Summary, etc. Computers have changed so much since the room-filling, bulky magnetic tape running monsters of the mid 20th century. They now form a vital part of most people's lives. And they are more ubiquitous than might be thought - you may have more than 30 computers in your home: not just the desktop and laptop but think of the television, the fridge, the microwave. But what is the basic nature of the modern computer? How does it work? How has it been possible to squeeze so much power into increasingly small machines? And what will the next generations of computers look like? In this Very Short Introduction, Darrel Ince looks at the basic concepts behind all computers; the changes in hardware and software that allowed computers to become so small and commonplace; the challenges produced by the computer revolution - especially whole new modes of cybercrime and security issues; the Internet and the advent of 'cloud computing'; and the promise of whole new horizons opening up with quantum computing, and even computing using DNA--
Assigning source Source other than Library of Congress.
650 #0 - SUBJECT ADDED ENTRY--TOPICAL TERM
Topical term or geographic name entry element Computers.
650 #0 - SUBJECT ADDED ENTRY--TOPICAL TERM
Topical term or geographic name entry element Computer science.
650 #0 - SUBJECT ADDED ENTRY--TOPICAL TERM
Topical term or geographic name entry element Computer science
General subdivision History.
830 #0 - SERIES ADDED ENTRY--UNIFORM TITLE
Uniform title Very short introductions.
906 ## - LOCAL DATA ELEMENT F, LDF (RLIN)
a 7
b cbc
c copycat
d 2
e ncip
f 20
g y-gencatlg
942 ## - ADDED ENTRY ELEMENTS (KOHA)
Source of classification or shelving scheme
Koha item type Books - Non Ficton
Holdings
Withdrawn status Lost status Source of classification or shelving scheme Damaged status Not for loan Collection code Permanent Location Current Location Shelving location Date acquired Full call number Barcode Date last seen Price effective from Koha item type
          Non-Fiction KH8 Senior School Library KH8 Senior School Library Non Fiction 2019-08-01 004.16 INC 3KHSL000100070 2019-08-01 2019-08-01 Books - Non Ficton

Powered By KH8 IT Dept